000 00435nam a2200181Ia 4500
008 170918s9999 xx 000 0 und d
020 _a552554537
050 _bW749 2006
100 _aWilson, Jacqueline
245 4 _aThe diamond girls /
245 _cby Jacqueline Wilson.
260 _aGreat Britain :
260 _bCorgi Books,
260 _c2006
300 _a229 pages :
300 _billustrations ;
300 _c19cm.
999 _c343941
_d343941